[Event "Euro Online U2300 Day 1"]
[Site "chess.com INT"]
[Date "2020.05.25"]
[Round "5"]
[White "Simet, Martin"]
[Black "Khachatryan, Anna"]
[Result "1-0"]
[WhiteTitle "FM"]
[BlackTitle "WFM"]
[WhiteElo "2194"]
[BlackElo "2071"]
[WhiteFideId "377244"]
[BlackFideId "13310780"]
[EventDate "2020.05.25"]

1. d4 Nf6 2. Nf3 g6 3. Bf4 Bg7 4. e3 O-O 5. h3 d6 6. Be2 Nc6 7. O-O Ne4 8. c3 e5
9. Bh2 f5 10. dxe5 dxe5 11. Qb3+ Kh8 12. Rd1 Qe7 13. Nbd2 Nxd2 14. Rxd2 e4 15.
Nd4 Ne5 16. Rad1 a6 17. a4 c5 18. Qa3 b6 19. a5 b5 20. Nb3 b4 21. cxb4 cxb4 22.
Qa4 Be6 23. Nd4 Bg8 24. Nc6 Nxc6 25. Qxc6 Rfc8 26. Qa4 b3 27. Rd7 Qf6 28. R7d2
Ra7 29. Qb4 Rc2 30. Qb8 Rf7 31. Rd8 Rf8 32. Be5 Qxe5 33. Rxf8 Qxb8 34. Rxb8 Rxe2
35. Kf1 Rxb2 36. Rdd8 Rb1+ 37. Ke2 Rb2+ 38. Ke1 Rb1+ 39. Kd2 h5 40. Rxg8+ Kh7
41. Rgc8 b2 42. Rb7 Rf1 43. Rcc7 b1=Q 44. Rxg7+ Kh8 45. Rxb1 Rxb1 46. Rxg6 Ra1
47. Rxa6 Ra2+ 48. Kc3 Rxf2 49. Rh6+ Kg7 50. Rxh5 Kg6 51. g4 fxg4 52. hxg4 Re2
53. Kd4 Rg2 54. a6 Ra2 55. Kxe4 Rxa6 56. Kf3 Ra3 57. Rb5 Ra1 58. Rb6+ Kg5 59.
Rb5+ Kg6 60. Rf5 Rf1+ 61. Ke4 Ra1 62. Kf4 Rf1+ 63. Ke5 Rg1 64. Rf4 Ra1 65. Kd6
Ra3 66. e4 Ra6+ 67. Kc5 Kg5 68. Rf8 Kxg4 69. e5 Ra5+ 70. Kd6 Ra2 71. e6 Rd2+ 72.
Ke7 Kg5 73. Rf3 Kg6 74. Ke8 Re2 75. e7 Rd2 76. Kf8 1-0

[Event "Euro Online U2300 Day 1"]
[Site "chess.com INT"]
[Date "2020.05.25"]
[Round "5"]
[White "Inyushkin, Sergei"]
[Black "Tsirulnik, Maritsa"]
[Result "0-1"]
[WhiteElo "1555"]
[BlackElo "2139"]
[WhiteFideId "4155122"]
[BlackFideId "14118688"]
[EventDate "2020.05.25"]

1. c4 e6 2. Nc3 Nf6 3. e4 c5 4. e5 Ng8 5. Nf3 Nc6 6. d4 cxd4 7. Nxd4 Nxe5 8.
Ndb5 d6 9. c5 dxc5 10. Bf4 a6 11. Bxe5 axb5 12. Nxb5 Qa5+ 13. Bc3 Qb6 14. Bc4
Bd7 15. Qe2 Nf6 16. Be5 Rc8 17. O-O-O Be7 18. Bd6 Rc6 19. Qe5 Bxd6 20. Nxd6+ Ke7
21. Nf5+ Kf8 22. Nxg7 Kxg7 23. Rxd7 h6 24. Rd3 Qb4 25. b3 Qa3+ 26. Kb1 Ra8 27.
Rg3+ Kf8 28. b4 Qxb4+ 29. Bb3 Qe4+ 30. Qxe4 Nxe4 31. Re3 Nd6 32. Rd1 c4 33. Bc2
Rb6+ 34. Kc1 Rxa2 35. Rh3 Ra1+ 36. Kd2 Rxd1+ 37. Kxd1 Kg7 38. Kd2 Ra6 39. Rh5 b5
40. Kc3 Ra2 41. Bd1 Rxf2 42. Bf3 f5 43. Rh4 e5 44. Bc6 e4 45. Kd4 Rxg2 46. Ke5
c3 47. Rh3 c2 48. Rc3 Nc4+ 49. Kxf5 Ne3+ 50. Kxe4 Rg1 51. Kxe3 c1=Q+ 52. Rxc1
Rxc1 53. Bxb5 Rh1 54. Kf3 Rxh2 55. Kg3 Rb2 56. Bf1 Rb4 57. Bh3 Kf6 58. Bg4 Kg5
59. Bd1 Rd4 60. Be2 h5 61. Bf1 Ra4 62. Be2 Ra3+ 63. Bf3 h4+ 64. Kf2 Kf4 65. Bg2
h3 66. Bf1 Ra2+ 67. Kg1 Kg3 68. Kh1 Ra1 69. Kg1 h2+ 0-1

[Event "Euro Online U2300 Day 1"]
[Site "chess.com INT"]
[Date "2020.05.25"]
[Round "5"]
[White "Erdogan, Anil Berk"]
[Black "Gabriel, Robert"]
[Result "0-1"]
[WhiteTitle "CM"]
[BlackTitle "FM"]
[WhiteElo "2155"]
[BlackElo "2236"]
[WhiteFideId "6348173"]
[BlackFideId "4606477"]
[EventDate "2020.05.25"]

1. e4 c5 2. Nf3 e6 3. d4 cxd4 4. Nxd4 Nf6 5. Nc3 Nc6 6. Ndb5 Bb4 7. a3 Bxc3+ 8.
Nxc3 d5 9. Bd3 dxe4 10. Nxe4 Nxe4 11. Bxe4 Qxd1+ 12. Kxd1 Bd7 13. Be3 O-O-O 14.
Kc1 f5 15. Bxc6 Bxc6 16. Bxa7 Bxg2 17. Rg1 Bf3 18. b4 Rhg8 19. Rg3 Rd1+ 20. Kb2
Rxa1 21. Kxa1 Be4 22. f4 e5 23. fxe5 Kd7 24. Kb2 f4 25. Rg4 g5 26. h4 h6 27.
hxg5 hxg5 28. c4 Ke6 29. Kc3 Kxe5 30. a4 Kf5 31. Rg1 Rd8 32. Bd4 g4 33. a5 g3
34. b5 f3 35. Rxg3 Rxd4 36. Rxf3+ Ke5 37. Rf8 Rd1 38. Re8+ Kf4 39. Kb4 Ra1 40.
c5 Rb1+ 41. Kc4 Bg2 42. b6 Bf1+ 43. Kd4 Rd1+ 44. Kc3 Bb5 45. Rb8 Bc6 46. Rc8
Rc1+ 47. Kb2 Rxc5 48. a6 bxa6 49. b7 Rb5+ 50. Ka3 Bxb7 51. Rf8+ Ke5 52. Re8+ Kd6
53. Rd8+ Kc5 54. Rd1 Bd5 55. Rc1+ Bc4 56. Rc3 a5 57. Rh3 Rb1 58. Rh5+ Bd5 59.
Rh8 Ra1+ 60. Kb2 Ra2+ 61. Kb1 Rg2 62. Rh4 Bc4 63. Rh5+ Kb4 64. Rh8 a4 65. Rb8+
Bb5 66. Ka1 a3 67. Rb7 Ka4 68. Rc7 Rg1+ 69. Ka2 Kb4 70. Rc4+ Bxc4# 0-1

[Event "Euro Online U2300 Day 1"]
[Site "chess.com INT"]
[Date "2020.05.25"]
[Round "5"]
[White "Ionescu, Cristian-Dan"]
[Black "Anfinogenov, Artem"]
[Result "0-1"]
[WhiteTitle "FM"]
[WhiteElo "2287"]
[BlackElo "2054"]
[WhiteFideId "1200860"]
[BlackFideId "4197461"]
[EventDate "2020.05.25"]

1. d4 d5 2. Nf3 Nf6 3. c4 dxc4 4. e3 a6 5. Bxc4 e6 6. O-O c5 7. Nc3 b5 8. Bb3
Bb7 9. Qe2 Nbd7 10. Rd1 Be7 11. d5 exd5 12. Nxd5 Nxd5 13. Bxd5 Bxd5 14. Rxd5 Qc7
15. e4 O-O 16. Bg5 Bxg5 17. Nxg5 h6 18. Nf3 Nf6 19. Rd2 Rfe8 20. e5 Nd7 21. Rd5
Re6 22. Rad1 Nb6 23. Rd6 Rae8 24. Rxe6 Rxe6 25. Qd2 Nc4 26. Qd8+ Qxd8 27. Rxd8+
Kh7 28. Rd5 Nxb2 29. Rxc5 Nd3 30. Rd5 Nb4 31. Rd2 Rc6 32. g4 Rc2 33. a3 Rxd2 34.
Nxd2 Nc2 35. Nb1 g5 36. Kg2 Kg8 37. f4 Kf8 38. Kf3 Ke7 39. Ke4 gxf4 40. Kxf4 Ke6
41. h4 Ne1 42. Ke4 Nc2 43. Kf4 Nd4 44. Nd2 Nc2 45. Nb3 Nxa3 46. Nc5+ Kd5 47.
Nxa6 Nc4 48. Nc7+ Kc6 49. Na6 Kb6 50. Nb4 Kc5 51. Nd3+ Kd5 52. Nb4+ Ke6 53. Nc6
Kd5 54. Ne7+ Ke6 55. Nc6 Kd5 56. Nb4+ Kd4 57. Nc6+ Kc5 58. Nd8 b4 59. Nxf7 b3
60. e6 Nd6 61. Ne5 Kd4 62. Nc6+ Kc5 63. Ne5 Kd4 64. Nc6+ Kd5 0-1

[Event "Euro Online U2300 Day 1"]
[Site "chess.com INT"]
[Date "2020.05.25"]
[Round "5"]
[White "Manukyan, Artyom"]
[Black "Kacharava, Nikolozi"]
[Result "1-0"]
[BlackTitle "IM"]
[WhiteElo "2148"]
[BlackElo "2437"]
[WhiteFideId "13305786"]
[BlackFideId "13611860"]
[EventDate "2020.05.25"]

1. e4 d6 2. d4 Nf6 3. Nc3 e5 4. Nge2 Be7 5. g3 O-O 6. Bg2 c6 7. O-O b5 8. a3 Bb7
9. h3 a5 10. g4 b4 11. axb4 axb4 12. Rxa8 Bxa8 13. Na4 Nfd7 14. b3 c5 15. d5 Bg5
16. Ng3 Bxc1 17. Qxc1 Bb7 18. Nf5 Nf6 19. Qg5 g6 20. f4 exf4 21. Rxf4 Nbd7 22.
Nxd6 Kg7 23. Nxb7 Qb8 24. e5 h6 25. exf6+ Kh7 26. Qh4 Qxf4 27. Qf2 Qc1+ 28. Kh2
Qg5 29. Naxc5 Nxf6 30. d6 Qe5+ 31. Qg3 Qd4 32. Qd3 Qf4+ 33. Qg3 Qd4 34. Qf3 Qe5+
35. Kh1 Qa1+ 36. Qf1 Qd4 37. Qd3 Qa1+ 38. Bf1 Re8 39. d7 Nxd7 40. Nxd7 Re1 41.
Kg2 Qa7 42. Qf3 Kg8 43. Nbc5 Qc7 44. Nf6+ Kg7 45. Nfe4 Qe5 46. Bd3 f5 47. gxf5
gxf5 48. Qg3+ Qxg3+ 49. Nxg3 f4 50. Nh5+ Kf7 51. Nxf4 Ke7 52. Ne2 Kd6 53. Ne4+
Ke5 54. Kf2 Rh1 55. Kg3 Rf1 56. Nf2 Ra1 57. Ng4+ Kd5 58. Nxh6 Ke6 59. Nf4+ Ke5
60. Ng4+ Kd4 61. h4 Rg1+ 62. Ng2 Kd5 63. h5 Ke6 64. h6 Kf7 65. h7 Kg7 66. Kf2
Ra1 67. Nf4 Ra5 68. Kg3 Ra7 69. Nh5+ Kh8 70. Ne5 Rd7 71. Nf6 Rg7+ 72. Ng6+ Rxg6+
73. Bxg6 Kg7 74. Bd3 Kh8 75. Kf4 Kg7 76. Nh5+ Kh8 77. Ng3 Kg7 78. Ke5 Kh8 79.
Kd4 1-0

[Event "Euro Online U2300 Day 1"]
[Site "chess.com INT"]
[Date "2020.05.25"]
[Round "5"]
[White "Kujawski, Adam"]
[Black "Strejczek, Dariusz"]
[Result "1-0"]
[WhiteTitle "FM"]
[WhiteElo "2201"]
[BlackElo "2149"]
[WhiteFideId "1100920"]
[BlackFideId "1122142"]
[EventDate "2020.05.25"]

1. e4 d6 2. d4 g6 3. Nc3 Bg7 4. h3 Nf6 5. Nf3 O-O 6. Be3 e5 7. dxe5 dxe5 8. Qxd8
Rxd8 9. Rd1 Rxd1+ 10. Kxd1 c6 11. a4 Be6 12. Ng5 Nbd7 13. Nxe6 fxe6 14. Bc4 Kf7
15. g4 Ne8 16. Ke2 Nd6 17. Rd1 Bf8 18. Ba2 b6 19. f3 Ke7 20. h4 h6 21. Nb1 c5
22. Nd2 Nb8 23. Nc4 Nxc4 24. Bxc4 Nc6 25. c3 Na5 26. Bb5 Rd8 27. Rxd8 Kxd8 28.
Kd3 Nb7 29. h5 gxh5 30. gxh5 Nd6 31. Bc4 Ke7 32. Ba2 Nf7 33. b4 cxb4 34. cxb4
Kd7 35. Kc4 Nd6+ 36. Kc3 Nb7 37. Bc4 a5 38. bxa5 bxa5 39. Bb5+ Kc7 40. Kd3 Nd6
41. Bc5 Bg7 42. Ba6 Nf7 43. Be3 Bf8 44. Bd2 Kb6 45. Bc4 Nd8 46. Be3+ Kc7 47. Ke2
Kd6 48. Kd3 Nc6 49. Bb5 Nb4+ 50. Kc4 Kc7 51. Bd2 Kb6 52. Be8 Nc2 53. Bd7 Nd4 54.
Be3 Bc5 55. Bxd4 Bxd4 56. f4 Bb2 57. f5 exf5 58. exf5 e4 59. Be8 Kc7 60. Kd5 e3
61. Bb5 Kd8 62. Ke6 Ba3 63. f6 Kc7 64. f7 Kb6 65. Be2 Bf8 66. Kd7 Kc5 67. Ke8
Bg7 68. f8=Q+ Bxf8 69. Kxf8 Kb4 70. Bd1 e2 71. Bxe2 Kxa4 72. Kg7 Kb3 73. Kxh6 a4
74. Bg4 1-0

[Event "Euro Online U2300 Day 1"]
[Site "chess.com INT"]
[Date "2020.05.25"]
[Round "5"]
[White "Pazdziora, Michal"]
[Black "Safin, Robert"]
[Result "0-1"]
[BlackTitle "FM"]
[WhiteElo "2197"]
[BlackElo "2287"]
[WhiteFideId "1124234"]
[BlackFideId "34189120"]
[EventDate "2020.05.25"]

1. d4 Nf6 2. c4 g6 3. Nc3 Bg7 4. e4 d6 5. f4 O-O 6. Nf3 c5 7. dxc5 dxc5 8. Bd3
Nc6 9. e5 Ne8 10. Be3 b6 11. Be4 Bb7 12. Qa4 Qc8 13. Rd1 f5 14. Bb1 Nc7 15. O-O
Na5 16. Nd5 Nxd5 17. cxd5 Qe8 18. Qc2 Rd8 19. a3 c4 20. Bd2 Bxd5 21. Bxa5 bxa5
22. Ba2 e6 23. Bxc4 Rc8 24. b3 Qc6 25. Rd4 Rfd8 26. Qd2 Qb6 27. Kh1 Bxf3 28. Rd6
Rxd6 29. exd6 Bd5 30. Bxd5 exd5 31. Qxd5+ Kh8 32. Re1 Qe3 33. Rd1 Re8 34. h3 Bf6
35. Qf7 Qe6 36. Qc7 Rd8 37. d7 Qb6 38. Qc4 Kg7 39. Qd5 Qc7 40. Qd3 Qxf4 41. Qd5
Qc7 42. Kg1 Rb8 43. Kh1 h6 44. Qd3 Qb6 45. Re1 Qxb3 46. Qe2 Rd8 47. Qe8 Qb6 48.
Qe2 Qd6 49. Rd1 Qe7 50. Qd2 Qxa3 51. Qd5 Qe7 52. Qc6 a4 53. Qxa4 a5 54. Qxa5
Rxd7 55. Re1 Qd8 56. Qb4 Rd1 57. Qb7+ Kh8 58. Qb4 Rxe1+ 59. Qxe1 Qe7 60. Qd1 Be5
61. Qb1 Kh7 62. Qd1 Bd6 63. Qd5 Kg7 64. Qd4+ Qe5 65. Qxe5+ Bxe5 66. g4 fxg4 67.
hxg4 Kf6 68. Kg2 Kg5 69. Kf3 Bf4 70. Kg2 Kxg4 71. Kg1 g5 72. Kg2 Be5 73. Kg1 Kf3
74. Kh1 g4 75. Kg1 g3 76. Kh1 h5 77. Kg1 Bd4+ 78. Kh1 g2+ 0-1

[Event "Euro Online U2300 Day 1"]
[Site "chess.com INT"]
[Date "2020.05.25"]
[Round "5"]
[White "Matic, Zeljko"]
[Black "Melnikov, Sergey"]
[Result "1-0"]
[WhiteElo "2144"]
[BlackElo "2039"]
[WhiteFideId "14505690"]
[BlackFideId "34141062"]
[EventDate "2020.05.25"]

1. Nf3 d5 2. g3 Nf6 3. Bg2 g6 4. O-O Bg7 5. d3 O-O 6. Nbd2 Bg4 7. h3 Be6 8. Re1
Qc8 9. Kh2 c6 10. e4 dxe4 11. dxe4 Rd8 12. Qe2 Na6 13. Ng5 Nb4 14. Ndf3 h6 15.
Nxe6 Qxe6 16. a3 Na6 17. c3 Nc5 18. Nd4 Qc8 19. e5 Nd5 20. f4 e6 21. Rd1 Bf8 22.
c4 Nb6 23. Be3 Rxd4 24. Bxd4 Nb3 25. Rab1 Nxd4 26. Rxd4 Bc5 27. Rd2 a5 28. Rbd1
Kg7 29. Be4 h5 30. g4 hxg4 31. hxg4 Qc7 32. g5 Rh8+ 33. Kg3 Nc8 34. Rh1 Rxh1 35.
Bxh1 Ne7 36. Be4 Qb6 37. Qd3 Nf5+ 38. Bxf5 exf5 39. Qd8 Qb3+ 40. Qd3 Qb6 41. Qc3
Kg8 42. Rd7 Bf8 43. e6 Qg1+ 44. Kf3 Qf1+ 45. Ke3 Bc5+ 46. Kd2 Qxf4+ 47. Kc2 Qe4+
48. Kb3 Qxe6 49. Rxb7 Bf8 50. Qxa5 Qe3+ 51. Qc3 Qxg5 52. Rb8 Qf4 53. Qb4 Qe3+
54. Ka2 c5 55. Qb5 Qe7 56. a4 f4 57. Qc6 f3 58. Qxf3 Qa7 59. Qa8 Qe7 60. a5 g5
61. a6 Kg7 62. a7 Qe2 63. Rxf8 Qxc4+ 64. Kb1 Qd3+ 65. Kc1 Qe3+ 66. Kc2 Qe2+ 67.
Kc3 Qe3+ 68. Kc4 Qd4+ 69. Kb5 Qd7+ 70. Qc6 1-0

[Event "Euro Online U2300 Day 1"]
[Site "chess.com INT"]
[Date "2020.05.25"]
[Round "5"]
[White "Hoffmann, Hendrik"]
[Black "Terbe, Julianna"]
[Result "0-1"]
[WhiteTitle "FM"]
[BlackTitle "WIM"]
[WhiteElo "2250"]
[BlackElo "2273"]
[WhiteFideId "4618130"]
[BlackFideId "708780"]
[EventDate "2020.05.25"]

1. e4 c5 2. Nf3 Nc6 3. c3 d5 4. exd5 Qxd5 5. d4 Bg4 6. Be2 cxd4 7. cxd4 e6 8.
Nc3 Qa5 9. O-O Nf6 10. h3 Bh5 11. Qb3 Qb4 12. Be3 Bd6 13. g4 Bg6 14. Nb5 Bb8 15.
Bg5 Qxb3 16. axb3 O-O 17. Rfe1 a6 18. Nc3 Ne4 19. Be3 Rd8 20. Na4 Ba7 21. Nc5
Nxc5 22. dxc5 Nb4 23. Ra4 Nc2 24. Rc1 Rac8 25. b4 f6 26. Bd2 Be8 27. b5 Rxc5 28.
Bc3 Bg6 29. bxa6 b5 30. Ra5 b4 31. Bxb4 Rcc8 32. Bc3 Nb4 33. Rd1 Nd5 34. Bd4
Bxd4 35. Rxd4 Bf7 36. a7 e5 37. Rda4 Nf4 38. a8=Q Nxe2+ 39. Kf1 Bc4 40. Qxc8
Rxc8 41. Ra8 Nf4+ 42. Ke1 Rxa8 43. Rxa8+ Kf7 44. Ra7+ Kg6 45. h4 h5 46. Rc7 Bd5
47. Nd2 Nd3+ 48. Ke2 Nxb2 49. gxh5+ Kxh5 50. Rxg7 Na4 51. Ke3 Kxh4 52. Nf3+ Kh5
53. Nh2 Be6 54. Nf1 Nb6 55. Ng3+ Kh6 56. Re7 Nc4+ 57. Kd3 Bd5 58. Rd7 Be6 59.
Re7 Bd5 60. Nf5+ Kg5 61. Ne3 Nb6 62. Nxd5 Nxd5 63. Rg7+ Kf4 64. Rg3 f5 65. Rh3
e4+ 66. Kd4 Nf6 67. Ra3 Ng4 68. Ra2 Kf3 69. Ra3+ Kxf2 70. Rb3 e3 71. Rxe3 Nxe3
72. Ke5 Kf3 73. Kd4 Ng2 74. Kd3 Kg4 75. Ke2 f4 76. Kf2 f3 77. Kf1 Kg3 78. Kg1
Nf4 79. Kf1 Ng6 80. Kg1 Kf4 81. Kf1 Ke3 82. Ke1 Ne7 83. Kf1 f2 84. Kg2 Ke2 85.
Kg3 f1=Q 0-1

[Event "Euro Online U2300 Day 1"]
[Site "chess.com INT"]
[Date "2020.05.25"]
[Round "5"]
[White "Thorsbro, Peter"]
[Black "Akhayan, Ruben"]
[Result "1-0"]
[BlackTitle "FM"]
[WhiteElo "2144"]
[BlackElo "2255"]
[WhiteFideId "1406671"]
[BlackFideId "204439"]
[EventDate "2020.05.25"]

1. d4 d5 2. c4 e6 3. Nc3 Nf6 4. cxd5 exd5 5. Bg5 Be7 6. e3 O-O 7. Bd3 c6 8. Nge2
Nbd7 9. O-O Re8 10. Qc2 Nf8 11. Rad1 Ng6 12. f3 h6 13. Bxh6 gxh6 14. Bxg6 fxg6
15. Qxg6+ Kh8 16. Qxh6+ Nh7 17. Nf4 Bg5 18. Qh5 Rxe3 19. Ng6+ Kg7 20. Ne5 Qf6
21. f4 Bh6 22. g4 Be6 23. g5 Nxg5 24. fxg5 Qxg5+ 25. Qxg5+ Bxg5 26. Rde1 Rh8 27.
Re2 Rxe2 28. Nxe2 Be3+ 29. Kh1 Rh4 30. Nf3 Rh6 31. Ne5 a5 32. Rf3 Bg5 33. Nf4
Bxf4 34. Rxf4 Rh3 35. Kg2 Re3 36. Kf2 Rh3 37. Kg2 Rh5 38. h4 Bf5 39. Kg3 Be4 40.
a3 Rh8 41. Rf7+ Kh6 42. Ng4+ Kh5 43. Kf4 Kxh4 44. Nf6 Bg6 45. Rxb7 Rf8 46. Ke5
Kg5 47. Nh7+ Bxh7 48. Rxh7 Rb8 49. Rh2 Kg4 50. Kd6 Kf4 51. Kc7 Rb3 52. Kxc6 Ke4
53. Rd2 Ke3 54. Rc2 Kxd4 55. Rd2+ Ke4 56. Rxd5 a4 57. Rd2 Ke3 58. Rh2 Kd4 59.
Rg2 Kc4 60. Rd2 Rb8 61. Kc7 Rb5 62. Kc6 Rb3 63. Rh2 Kd3 64. Kc5 Rb8 65. Rh4 Ra8
66. Kb5 Kc2 67. Rb4 Kd3 68. Kc6 Kc2 69. Kb7 Ra5 70. Kb6 Ra8 71. Kb5 Kb1 72. Rxa4
Rb8+ 73. Kc4 Kc2 74. Rb4 Rc8+ 75. Kb5 Rd8 76. a4 Rb8+ 77. Kc5 Rc8+ 78. Kd6 Rd8+
79. Kc7 Ra8 80. Kb6 Rb8+ 81. Kc5 Rc8+ 82. Kd6 Ra8 83. b3 Kc3 84. Rb5 Kd4 85. Kc6
Rc8+ 86. Kb7 Rf8 87. a5 1-0

[Event "Euro Online U2300 Day 1"]
[Site "chess.com INT"]
[Date "2020.05.25"]
[Round "5"]
[White "Potpara, Nikola"]
[Black "Afanasiev, Dmitry2"]
[Result "1/2-1/2"]
[WhiteElo "2373"]
[BlackElo "2175"]
[WhiteFideId "910058"]
[BlackFideId "4131347"]
[EventDate "2020.05.25"]

1. d4 Nf6 2. Bf4 c5 3. d5 Qb6 4. Nc3 d6 5. e4 Nbd7 6. Nf3 g6 7. Qd2 Bg7 8. Rb1
O-O 9. Bh6 a6 10. h4 Bxh6 11. Qxh6 Ng4 12. Qd2 h5 13. Ng5 Nde5 14. f3 Nf6 15.
Be2 Bd7 16. g4 hxg4 17. f4 Nf3+ 18. Nxf3 gxf3 19. Bxf3 Kg7 20. e5 dxe5 21. fxe5
Ng4 22. Bxg4 Bxg4 23. Qf4 Bh5 24. O-O Qb4 25. a3 Qd4+ 26. Kh2 b5 27. Kg3 Rad8
28. Rf2 a5 29. Rd2 Qxf4+ 30. Kxf4 b4 31. Ne4 Rb8 32. Nxc5 bxa3 33. b3 Rfc8 34.
Nd3 a4 35. b4 Rc3 36. Ke3 a2 37. Ra1 Rxb4 38. Rxa2 Rxh4 39. Rf2 Rhc4 40. Rf4
Rxc2 41. Rxc2 Rxc2 42. Rxa4 Re2+ 43. Kd4 Bf3 44. Ra7 Re4+ 45. Kc5 Be2 46. d6
exd6+ 47. exd6 Bxd3 48. d7 Re7 49. d8=Q Rxa7 50. Qd4+ f6 51. Qxd3 Re7 52. Kd6
Re5 53. Qh3 g5 54. Qh5 Re4 55. Qf3 Re5 56. Qd3 g4 57. Qg3 Re4 58. Kd5 f5 59. Qh4
Kg6 60. Qh8 Kg5 61. Qg7+ Kf4 62. Qh6+ Kg3 63. Qg5 Rf4 64. Ke5 Rf3 65. Qg8 Kg2
66. Qa2+ Rf2 67. Qd5+ Kg3 68. Kf6 Kh2 69. Qd4 g3 70. Qh4+ Kg2 71. Kg5 f4 72. Kg4
Kg1 73. Qd8 g2 74. Qd4 Kh1 75. Qh8+ Kg1 76. Qd4 Kh1 77. Qh8+ Kg1 78. Qd4 1/2-1/2

[Event "Euro Online U2300 Day 1"]
[Site "chess.com INT"]
[Date "2020.05.25"]
[Round "5"]
[White "Maugenest, Ghislain"]
[Black "Kolbin, Anton"]
[Result "0-1"]
[WhiteElo "2013"]
[BlackElo "2204"]
[WhiteFideId "36029483"]
[BlackFideId "24107271"]
[EventDate "2020.05.25"]

1. d4 d5 2. c4 c6 3. Nf3 Nf6 4. Nc3 e6 5. e3 Bd6 6. Qc2 Nbd7 7. b3 Qe7 8. Bd3
O-O 9. O-O dxc4 10. bxc4 e5 11. Bb2 Re8 12. Nd2 Nf8 13. Rfd1 Bg4 14. Rdc1 Bh5
15. Nde4 Bc7 16. Nxf6+ Qxf6 17. Ne4 Qe7 18. Ng3 Bg6 19. Nf5 Qe6 20. d5 Qf6 21.
Ng3 Qh4 22. e4 cxd5 23. cxd5 Bb6 24. a4 a6 25. a5 Ba7 26. Qe2 Nd7 27. Kh1 Nf6
28. f3 Rac8 29. Rxc8 Rxc8 30. Rc1 Rxc1+ 31. Bxc1 Nd7 32. Be3 Bxe3 33. Qxe3 Qd8
34. Qd2 Qc7 35. Bb1 Qc5 36. d6 Kf8 37. h4 f6 38. Ba2 Qd4 39. Qxd4 exd4 40. Kg1
Bf7 41. Bxf7 Kxf7 42. Nf5 d3 43. Kf2 g6 44. Nd4 Nc5 45. Ke3 Ke8 46. f4 Kd7 47.
e5 fxe5 48. fxe5 h6 49. g4 h5 50. g5 Ke8 51. e6 Kd8 52. e7+ Kd7 53. Nf3 d2 54.
Kxd2 Ne4+ 55. Ke3 Nxd6 56. Ne5+ Kxe7 57. Nxg6+ Ke6 58. Nf4+ Ke5 59. Nxh5 Nf5+
60. Kd3 Nxh4 61. Nf6 Nf3 62. Nd7+ Kd6 63. Nb6 Nxg5 64. Kc4 Nf3 65. Na4 Ne5+ 66.
Kb3 Nc6 67. Nc3 Nxa5+ 68. Ka4 Nc6 69. Nb1 Kc5 70. Nd2 b5+ 71. Kb3 a5 72. Ne4+
Kb6 73. Nc3 Nd4+ 74. Kb2 b4 75. Ne4 a4 76. Nd2 Kb5 77. Ne4 a3+ 78. Ka2 Kc4 79.
Nd6+ Kc3 80. Ne4+ Kc2 81. Nc5 Nb5 82. Na6 Nc3+ 83. Ka1 b3 84. Nb4+ Kd2 0-1

[Event "Euro Online U2300 Day 1"]
[Site "chess.com INT"]
[Date "2020.05.25"]
[Round "5"]
[White "Musovic, Armin"]
[Black "Tomilova, Elena"]
[Result "1/2-1/2"]
[WhiteTitle "FM"]
[BlackTitle "WGM"]
[WhiteElo "2219"]
[BlackElo "2353"]
[WhiteFideId "939935"]
[BlackFideId "4162340"]
[EventDate "2020.05.25"]

1. a3 d5 2. Nc3 Nf6 3. d3 e5 4. Bg5 Be7 5. e4 d4 6. Nce2 c5 7. h3 Nc6 8. f4 h6
9. Bxf6 Bxf6 10. f5 Bg5 11. Nf3 Be3 12. Ng3 g6 13. fxg6 fxg6 14. Be2 h5 15. Nf1
Bf4 16. g3 Bh6 17. Kf2 Be6 18. Kg2 Qf6 19. b4 cxb4 20. axb4 Nxb4 21. Qb1 a5 22.
Rxa5 Rxa5 23. Qxb4 Ra2 24. N1d2 Bxd2 25. Nxd2 Qe7 26. Qb5+ Bd7 27. Qb1 Ra6 28.
Nc4 O-O 29. Qb3 Kg7 30. Nd2 Raf6 31. Nf3 Bc6 32. Ra1 Rxf3 33. Bxf3 Qg5 34. Qb4
h4 35. Qe1 Bd7 36. g4 Rf4 37. Qe2 Bc6 38. Ra8 Rf8 39. Rxf8 Kxf8 40. Qe1 Ke8 41.
Qf2 Ke7 42. Qe1 Ke6 43. Qf2 b5 44. Qe1 Kd7 45. Qf2 Kc7 46. Qe1 Kb7 47. Qf2 Qf6
48. Qe1 g5 49. Qd2 Qf4 50. Qxf4 exf4 51. Kf2 Kb6 52. Ke2 Kc5 53. Kd2 Kb4 54. Bg2
Ka3 55. Bf3 Kb2 56. Be2 b4 57. Bd1 Ba4 58. e5 Bc6 59. e6 Ka3 60. e7 Kb2 61. Bf3
Be8 62. Bd5 Ka3 63. Kc1 Ka4 64. Kb2 Kb5 65. Bf3 Bf7 66. Bd5 Be8 67. Bf3 Kc5 68.
Bg2 Kd6 69. Kb3 Kxe7 70. Kxb4 Kd6 71. Kc4 Ke5 72. c3 dxc3 73. d4+ Kd6 74. Kxc3
Bf7 75. Kd3 Bd5 76. Bf1 Bf3 77. Kc4 Be4 78. Kc3 Kd5 79. Bc4+ Kd6 80. Bf1 Bc6 81.
Kd2 Bd7 82. Kc3 Be6 83. Bg2 Bf7 84. Bf1 Bd5 85. Kd3 Bc6 86. Kc3 Be4 87. Kc4 Kc6
88. Kc3 Kd6 89. Kc4 Kc6 90. Kc3 Kd6 1/2-1/2

[Event "Euro Online U2300 Day 1"]
[Site "chess.com INT"]
[Date "2020.05.25"]
[Round "5"]
[White "Tsaknakis, Zisis"]
[Black "Varvadoukas, Theodoros"]
[Result "1-0"]
[WhiteElo "2217"]
[BlackElo "2152"]
[WhiteFideId "4259963"]
[BlackFideId "4210735"]
[EventDate "2020.05.25"]

1. d4 Nf6 2. c4 c5 3. d5 b5 4. cxb5 a6 5. bxa6 Bxa6 6. Nc3 g6 7. e4 Bxf1 8. Kxf1
d6 9. g3 Bg7 10. Kg2 O-O 11. Qe2 Nbd7 12. a4 Qa5 13. Ra3 Rfb8 14. Nf3 Ng4 15.
Nb5 Qb4 16. b3 c4 17. Qxc4 Qxc4 18. bxc4 Nc5 19. a5 Nxe4 20. Re1 f5 21. h3 Ngxf2
22. Be3 Nd3 23. Rxd3 Rxa5 24. Nfd4 Rc8 25. Nc6 Ra2+ 26. Kf3 Kf7 27. g4 Rh2 28.
gxf5 gxf5 29. Bf4 Rxh3+ 30. Ke2 Rh4 31. Rf3 Ra8 32. Nba7 Bf6 33. Ref1 Rg8 34.
Be3 Rg3 35. Nd4 Rh2+ 36. Kd3 Rgg2 37. Nxf5 Nd2 38. Nxd6+ Kg6 39. Rxf6+ exf6 40.
Rf5 Nb3 41. Nc6 Rc2 42. Ne7+ Kg7 43. Ne4 Ra2 44. Rxf6 Ra3 45. d6 Nc5+ 46. Kd4
Nxe4 47. Re6 Nf6 48. Nf5+ Kf7 49. Re7+ Kf8 50. Bg5 Ng4 51. Rd7 Ra8 52. Be7+ Ke8
53. Rb7 Rd2+ 54. Kc3 Rd1 55. Bg5 h5 56. Ng7+ Kf8 57. Ne6+ Kg8 58. d7 Ne5 59.
d8=Q+ Raxd8 60. Rg7+ Kh8 61. Bxd8 Rxd8 62. Rg5 Rd3+ 63. Kc2 Re3 64. Rxh5+ Kg8
65. c5 Kf7 66. Nd4 Ke8 67. Rh7 Kd8 68. Nb5 Re4 69. Nd6 Rg4 70. Kc3 Rf4 71. Nb7+
Kc8 72. Nd6+ Kd8 73. Ra7 Rg4 74. Kb3 Rf4 75. Kc3 Rg4 76. Kd2 Rh4 77. Ke3 Rg4 78.
Rh7 Ra4 79. Nb7+ Kc8 80. Nd6+ Kd8 81. Ne4 Rc4 82. Kf4 Nd3+ 83. Kf5 Nxc5 84. Nd6
Rd4 85. Nb5 Nd7 86. Nxd4 1-0

[Event "Euro Online U2300 Day 1"]
[Site "chess.com INT"]
[Date "2020.05.25"]
[Round "5"]
[White "Kopylov, Artem"]
[Black "Gago Padreny, Ignacio"]
[Result "1-0"]
[BlackTitle "FM"]
[WhiteElo "2107"]
[BlackElo "2289"]
[WhiteFideId "44139365"]
[BlackFideId "2278863"]
[EventDate "2020.05.25"]

1. Nf3 Nf6 2. c4 e6 3. Nc3 d5 4. d4 Bb4 5. cxd5 exd5 6. Bg5 Qd6 7. Bxf6 Qxf6 8.
Qb3 Qb6 9. a3 Ba5 10. Qc2 Bf5 11. Qd2 Qb3 12. e3 Nd7 13. Be2 Nf6 14. O-O Ne4 15.
Qd1 Qxb2 16. Nxe4 Bxe4 17. Qa4+ c6 18. Qxa5 Qxe2 19. Ng5 Bxg2 20. Qc7 Qh5 21.
Qe5+ Kd7 22. Kxg2 Qg4+ 23. Qg3 Qf5 24. Nf3 g5 25. Ne5+ Ke6 26. Rab1 f6 27. Nf3
h5 28. Nd2 h4 29. Qf3 Qd3 30. Nb3 b6 31. Rfd1 Qg6 32. e4 dxe4 33. d5+ cxd5 34.
Nd4+ Kf7 35. Qb3 h3+ 36. Kg1 Qh5 37. Qxd5+ Kg7 38. Nf5+ Kg6 39. Qxe4 Rhe8 40.
Qd3 Qg4+ 41. Ng3+ Kg7 42. Qd7+ Qxd7 43. Rxd7+ Kg6 44. Rc1 Re6 45. Kf1 a5 46.
Rcc7 f5 47. Rg7+ Kf6 48. Rcf7+ Ke5 49. Rxf5+ Kd6 50. Rgxg5 Rc8 51. Rd5+ Kc6 52.
Rge5 Rf6 53. Ke2 Rcf8 54. Ne4 Rf4 55. Rd6+ Kb7 56. Re7+ Ka6 57. Ree6 Rb8 58.
Nc5+ Kb5 59. Nd7 Rc8 60. Rxb6+ Ka4 61. Rb2 Kxa3 62. Rd2 Rc3 63. Re3 Rxe3+ 64.
Kxe3 Rf5 65. f4 a4 66. Ke4 Rf7 67. Ne5 Rg7 68. f5 Rg2 69. Nf3 Kb3 70. f6 Rg8 71.
Kf5 a3 72. Ng5 a2 73. Rd1 Rd8 74. Rg1 Rd2 75. Kg6 Rxh2 76. f7 Rf2 77. Ne4 h2 78.
Rh1 Rg2+ 79. Kh7 Rg1 80. Rxh2 a1=Q 81. Nc5+ Kc4 82. Rh4+ Kb5 83. f8=Q Qb1+ 84.
Ne4 Ka6 85. Qf6+ Qb6 86. Qf7 1-0